| 000 | 01014cad a22002295a 4500 | ||
|---|---|---|---|
| 001 | L137637 | ||
| 008 | 070420s2007 xxkd f s 000 0 eng d | ||
| 035 | _a(Sirsi) u137637 | ||
| 041 | 0 | _aeng | |
| 050 | 0 | 4 | _a332.6324 $2 18 |
| 110 | 2 |
_aKnight Frank _91530 |
|
| 245 | 0 | 0 |
_aEuropean market indicators _h[electronic resource] |
| 260 |
_aLondon _bKnight Frank _c2007 |
||
| 490 |
_aKnight Frank European Market Indicators _vSpring 2007 |
||
| 520 | _aIllustrates the rental cycles of Europe's office, distribution/industrial and shopping centre markets using the Knight Frank Wave. The wave depicts the current position of selected European centres with respect to their local prime rental cycle. Charts European office vacancy rates. | ||
| 590 | _aKA | ||
| 650 | 2 | 4 | _aKNIGHT FRANK EUROPEAN MARKET INDICATORS |
| 651 | 4 | _aEUROPE | |
| 690 | _aPROPERTY-COMMERCIAL PROPERTY-COMMERCIAL PROPERTY MARKET | ||
| 856 | 4 | 0 |
_uhttps://www.knightfrank.com _zView the item free of charge at www.knightfrank.com... |
| 942 | _n0 | ||
| 999 |
_c106857 _d106857 |
||